US States with the Fewest Recorded Species of Birds - Statistics

General Stats
  • This quiz has been taken 18 times
  • The average score is 5 of 10
Answer Stats
Species Answer % Correct
412 North Dakota
75%
298 Hawaii
63%
425 Arkansas
50%
425 Indiana
50%
420 Missouri
50%
405 Kentucky
44%
411 Mississippi
44%
420 New Hampshire
38%
394 Vermont
31%
369 West Virginia
25%
No matching quizzes found
Score Distribution
Percent of People with Each Score
Percentile by Number Answered
Your Score History
You have not taken this quiz